| 000 | 03272cam a2200505 i 4500 | ||
|---|---|---|---|
| 001 | 23072519 | ||
| 005 | 20250417093048.0 | ||
| 007 | ta | ||
| 008 | 230419s2023 enka b 001 0 eng d | ||
| 010 | _a 2023936854 | ||
| 016 | 7 |
_a021060876 _2Uk |
|
| 020 | _a9781035309412 | ||
| 020 | _a1035309416 | ||
| 020 | _a9781035309399 | ||
| 020 | _a1035309394 | ||
| 020 | _z9781035309405 | ||
| 035 | _a(OCoLC)on1381125930 | ||
| 041 | _aeng | ||
| 042 | _alccopycat | ||
| 082 | 0 | 4 | _a338.04 VAL |
| 100 | 1 | _aValliere, David, | |
| 245 | 1 | 0 | _aEntrepreneurial Thinking: Think Different |
| 250 | _aSecond edition. | ||
| 260 |
_aUK _bEdward Elgar Publishing _c2023 |
||
| 264 | 1 |
_aCheltenham, UK ; _aNorthampton, Massachusetts : _bEdward Elgar Publishing, _c[2023] |
|
| 300 |
_axi, 191 pages :25 cm _billustrations ; |
||
| 336 |
_atext _2rdacontent |
||
| 337 |
_aunmediated _2rdamedia |
||
| 338 |
_avolume _2rdacarrier |
||
| 500 | _aPrevious edition: 2019. | ||
| 504 | _aIncludes bibliographical references and index. | ||
| 520 | _a"Dispelling common entrepreneurship myths, this updated textbook introduces the cutting-edge knowledge of entrepreneurship: the theories and empirical evidence rigorously developed by leading researchers. Helping aspiring entrepreneurs to think from a different perspective and avoid preventable mistakes, Entrepreneurial Thinking offers a summary of the most valuable and surprising contemporary research, translating it into clearly beneficial lessons, while emphasizing the entrepreneurial mindset crucial to venture success. Key Features: - Short and accessible synopses of 44 of the most influential research papers to advance students' knowledge on best practice in entrepreneurial thinking, especially in how to see opportunities that others overlook - Examples of how to use available resources in unconventional ways, as well as explanations of cognitive biases that trap most fledgling entrepreneurs - New practical application boxes on social entrepreneurship, entrepreneurial self-efficacy, cognitive bias self-reflection, and the importance of creative play - A consistent structure allowing students to understand the questions asked, the answers available and implications of each research paper effectively, and place research into practical situations plus added discussion of important new research on entrepreneurial ecosystems, and venture lifecycle and legitimacy. An excellent guide for students of entrepreneurship, Entrepreneurial Thinking is a brilliant overview of current research with practical benefits for the entrepreneurs of the future. It distills the most important points from entrepreneurship research into practical and valuable insights for anyone who wants to increase their chances of success with a new venture"-- | ||
| 650 | 0 | _aEntrepreneurship. | |
| 650 | 0 | _aEntrepreneurship | |
| 650 | 0 | _aCreative ability in business. | |
| 650 | 6 | _aEntrepreneuriat. | |
| 650 | 6 | _aEntrepreneuriat | |
| 650 | 6 | _aCréativité dans les affaires. | |
| 650 | 7 | _aentrepreneurs. | |
| 650 | 7 | _aCreative ability in business | |
| 650 | 7 | _aEntrepreneurship | |
| 906 |
_a7 _bcbc _ccopycat _d2 _encip _f20 _gy-gencatlg |
||
| 942 | _cBK | ||
| 999 |
_c43595 _d43595 |
||